THE GREAT CRASH 1929 THE AUTHOR OF THE AFFLUENT SOCIETY DISCUSSES THE ANATOMY OF FINANCIAL DISASTER AND PROVIDES AN INTRODUCTION WRITTEN FOR THIS EDITION / (Record no. 617366)

000 -LEADER
fixed length control field 00500nam a22001337a 4500
020 ## - INTERNATIONAL STANDARD BOOK NUMBER
Qualifying information PB.
040 ## - CATALOGING SOURCE
Transcribing agency FIZZA ISHAQ
082 ## - DEWEY DECIMAL CLASSIFICATION NUMBER
Classification number 338.540
Author Mark JOH
100 ## - MAIN ENTRY--PERSONAL NAME
Personal name GALBRAITH,KENNETH JOHN.
9 (RLIN) 134388
245 ## - TITLE STATEMENT
Title THE GREAT CRASH 1929 THE AUTHOR OF THE AFFLUENT SOCIETY DISCUSSES THE ANATOMY OF FINANCIAL DISASTER AND PROVIDES AN INTRODUCTION WRITTEN FOR THIS EDITION /
Statement of responsibility, etc. JOHN KENNETH GALBRAITH.
260 ## - PUBLICATION, DISTRIBUTION, ETC.
Place of publication, distribution, etc. NEW YORK ;
Name of publisher, distributor, etc. HOUGHTON MIFFLIN COMPANY,
Date of publication, distribution, etc. 1954.
300 ## - PHYSICAL DESCRIPTION
Extent 212 P. ;
Dimensions 8.5X5.2IN
942 ## - ADDED ENTRY ELEMENTS (KOHA)
Source of classification or shelving scheme
Koha item type Book
Holdings
Withdrawn status Lost status Source of classification or shelving scheme Damaged status Not for loan Permanent Location Current Location Shelving location Date acquired Total Checkouts Full call number Barcode Date last seen Price effective from Koha item type
          NUST Baluchistan Campus (NBC) NUST Baluchistan Campus (NBC) General Stacks 05/08/2026   338.540 JOH QD-807 05/08/2026 05/08/2026 Book
© 2023 Central Library, National University of Sciences and Technology. All Rights Reserved.